| 000 | 00421nam a2200157 i 4500 | ||
|---|---|---|---|
| 001 | 147875 | ||
| 003 | ES-MaACL | ||
| 007 | t| | ||
| 008 | 071008s1946 sp ||||1| spa d | ||
| 100 | 1 |
_aUrrutia, Federico de. _9112245 |
|
| 245 | 1 | 0 |
_aPerón / _cFederico de Urrutia. |
| 260 |
_aMadrid : _bNos, _c1946. |
||
| 300 |
_a262 p. ; _c22 cm. |
||
| 600 | 1 | 4 |
_aPerón, Juan Domingo. _991318 |
| 852 |
_aES-MaACL _jE-1781 _bR.22490 |
||
| 999 |
_c147875 _d147875 |
||